| 000 | 00337nam a2200121Ia 4500 | ||
|---|---|---|---|
| 008 | 191201s2010 xx 000 0 und d | ||
| 100 | _aIIT,Delhi | ||
| 245 | 0 | _aProceedings of the 39th Textile Research Symposium on 16-18 Dec. at IIT Delhi | |
| 260 |
_aN. Delhi _bIIT,Delhi _c2010 |
||
| 300 | _a699 | ||
| 650 | _aB.Tech(TE) | ||
| 942 |
_2ddc _cBK |
||
| 999 |
_c491 _d491 |
||